Statistiques concernant Capitales des pays qui commencent par E

Cliquez ici pour prendre le quiz!

Statistiques générales

  • Ce quiz a été pris 143 fois
  • Le résultat moyen est 6 sur 7

Statistiques - réponses

PaysCapitales% Correct
ÉgypteLe Caire
99%
EspagneMadrid
99%
États-UnisWashington
99%
ÉquateurQuito
88%
EstonieTallinn
86%
ÉthiopieAddis-Abeba
74%
ErythréeAsmara
49%

Distribution des résultats

Percentile par nombre de réponses

% des personnes avec chaque résultat

Votre développement - résultats

Vous n’avez pas pris ce quiz